01280nam a2200229 a 450000100100000000500170001000800410002704000250006824502880009324600400038126000860042130000370050770000290054470000270057370000270060004900090062771000610063695201200069795201110081795201050092899900170103300002928920251120073733.0110414s2009 dr ac 000 0 spa d aDO-SdBNPbspacBNPHU00aEvaluación sobre lecciones aprendidas e indentificación de las necesidades a partir de la incidencia del Consorcio de Educación Cívica en los centro educativos con los programas y proyectos reilizados entre 1998 y el 2008 /cOlaya O. Dotel C., Sonia Castillo, Lariza Pumarol.14aDoce años de lecciones aprendidas aSanto Domingo :bConsorcio de Educación CívicabPUCAMM,c2009fEditora Búho a64 p. ; :bil., retrs. ;c26 cm.1 aDotel C. Olaya O.9561721 aCastillo, Sonia9561731 aPumarol, Lariza956174 aBNPD2 aPontificia Universidad Católica Madre y Maestra 9843 001054708DSaGRbGRcCTd2011-04-14iLF1l0o p29289-30r2020-06-25te. 3w2020-06-25yLFDSZPréstamo en sala 0010718PDaPDbPDcCTd2011-04-14iLF1l0o p29289-10r2020-06-25te. 2w2020-06-25yLFPDZNo se presta 0010718PDaPDbPDcCTd2011-04-14iLF1l0o p29289-20r2020-06-25w2020-06-25yLFPDZNo se presta c28781d28781